| 000 | 00572nam a2200205Ia 4500 | ||
|---|---|---|---|
| 003 | GCL | ||
| 008 | 140319s9999 xx 000 0 ara d | ||
| 040 |
_aGCL / _cGCL |
||
| 082 | 0 | 4 |
_a953.0738 _bع ق |
| 100 | 1 | _aعارف تامر | |
| 245 | 1 | 0 |
_aالقائم والمنصور الفاطميان امام ثورة الخوارج / _cعارف تامر |
| 300 | _a140 ص | ||
| 490 | _a | ||
| 650 | 0 | 4 | _aالدولة الفاطمية |
| 650 | 0 | 4 | _aالخوارج |
| 650 | 0 | 4 | _aالشيعة |
| 650 | 0 | 4 | _aالامامة |
| 650 | 0 | 4 | _aالقرامطة |
| 942 |
_2ddc _cBK |
||
| 999 |
_c37722 _d37722 |
||